Statistics for Biggest Cities By Letter - L

Click here to take the quiz!

General Stats

  • This quiz has been taken 174 times
  • The average score is 12 of 20

Answer Stats

PopulationCountryCity% Correct
9,400,000PeruLima
99%
15,067,000United StatesLos Angeles
98%
2,697,000PortugalLisbon
97%
9,576,000United KingdomLondon
96%
12,090,000NigeriaLagos
94%
7,994,000PakistanLahore
84%
1,770,000BoliviaLa Paz
84%
5,425,000AngolaLuanda
83%
1,547,000FranceLyon
80%
1,543,000United KingdomLeeds
75%
1,849,000ZambiaLusaka
69%
1,862,000TogoLome
68%
1,955,000United StatesLas Vegas
65%
3,026,000IndiaLucknow
41%
1,665,000MexicoLeon
26%
2,514,000ChinaLanzhou
24%
1,761,000ChinaLuoyang
9%
1,685,000IndiaLudhiana
7%
1,696,000DR of CongoLumumbashi
6%
2,123,000ChinaLinyi
2%

Score Distribution

Percentile by Number Answered

Percent of People with Each Score

Your Score History

You have not taken this quiz